000 00446nam a2200157Ia 4500
005 20241126173258.0
008 231221s9999 xx 000 0 und d
020 _a9788126552757
082 _a620.0042 FIN;1 R
100 _aFinkelstein, Ellen. Ambrosius, Lee.
245 0 _aAutoCAD 2015 and AutoCAD LT 2015 Bible
260 _c2014
_bWiley
_aNew Delhi
300 _axii, 1253
650 _aAutoCAD,2015,AutoCAD,LT,2015,Bible
942 _cAR
999 _c231813
_d231813